Quick emotional intelligence activities for busy managers: (Record no. 57781)
[ view plain ]
| 000 -LEADER | |
|---|---|
| fixed length control field | 00727nam a22002057a 4500 |
| 001 - CONTROL NUMBER | |
| control field | 57781 |
| 005 - DATE AND TIME OF LATEST TRANSACTION | |
| control field | 20260421135915.0 |
| 008 - FIXED-LENGTH DATA ELEMENTS--GENERAL INFORMATION | |
| fixed length control field | 260420s2007 nyu||||| |||| 00| 0 eng d |
| 020 ## - INTERNATIONAL STANDARD BOOK NUMBER | |
| ISBN | 9780814408957 |
| 040 ## - CATALOGING SOURCE | |
| Original cataloging agency | BD-DhIUB |
| Transcribing agency | BD-DhIUB |
| Modifying agency | BD-DhIUB |
| 082 ## - DEWEY DECIMAL CLASSIFICATION NUMBER | |
| Edition number | 22 |
| Classification number | 658.4022019 |
| Item number | L9891q |
| 100 ## - MAIN ENTRY--PERSONAL NAME | |
| Personal name | Lynn, Adele B. |
| 9 (RLIN) | 7159 |
| 245 ## - TITLE STATEMENT | |
| Title | Quick emotional intelligence activities for busy managers: |
| Remainder of title | 50 team exercises that get results in just 15 minutes / |
| Statement of responsibility, etc | Adele B. Lynn |
| 260 ## - PUBLICATION, DISTRIBUTION, ETC. (IMPRINT) | |
| Place of publication, distribution, etc | New York : |
| Name of publisher, distributor, etc | AMACOM (American Management Association), |
| Date of publication, distribution, etc | 2007 |
| 300 ## - PHYSICAL DESCRIPTION | |
| Extent | xiv,194 p. : |
| Dimensions | 24 cm. |
| 526 ## - STUDY PROGRAM INFORMATION NOTE | |
| School name | Library |
| Shelving Location | General Stacks |
| 650 #0 - SUBJECT ADDED ENTRY--TOPICAL TERM | |
| Topical term or geographic name as entry element | Emotional intelligence-problems, exercises |
| 9 (RLIN) | 7160 |
| 650 #0 - SUBJECT ADDED ENTRY--TOPICAL TERM | |
| Topical term or geographic name as entry element | Teams in the workplace. |
| 9 (RLIN) | 3486 |
| 942 ## - ADDED ENTRY ELEMENTS (KOHA) | |
| Source of classification or shelving scheme | Dewey Decimal Classification |
| Koha item type | Books |
| Withdrawn status | Lost status | Source of classification or shelving scheme | Damaged status | Not for loan | Home library | Current library | Shelving location | Date acquired | Source of acquisition | Serial Enumeration / chronology | Total Checkouts | Full call number | Barcode | Date last seen | Copy number | Price effective from | Koha item type |
|---|---|---|---|---|---|---|---|---|---|---|---|---|---|---|---|---|---|
| Dewey Decimal Classification | Library, Independent University, Bangladesh (IUB) | Library, Independent University, Bangladesh (IUB) | General Stacks | 21/04/2026 | Gift / Donation | 2007 | 658.4022019 L9891q | G000712 | 21/04/2026 | 01 | 21/04/2026 | Books |